000 005620000a22001810004500
003 MACL
005 20160330153444.0
008 160330b xxu||||| |||| 00| 0 eng d
040 _aMACL
_cMACL
041 _aHindi
082 _a301 THA
100 _aथापर रोमिला
_936351
245 _aप्राचीन भारत का सामाजिक इतिहास
260 _bग्रंथ शिल्‍पी
_c2001
_aनई दिल्‍ली
350 _a525
650 _aSociology
_949004
942 _cHIN
_k301/THA
_2ddc
999 _c42781
_d42781